000 00827nam a2200253Ia 4500
003 OSt
005 20240408142740.0
008 210716s2000 xx 000 0 und d
020 _a9789352862306
040 _cAIMIT LIBRARY
041 _aeng
082 _a174.4
_28
_bBOAJ
100 _aBoatright, John R.
_9159403
245 _aEthics and the conduct of business /
_cBy John R. Boatright, Jeffery D. Smith and Bibhu Prasan Patra.
250 _a8th ed.
260 _aNoada
_bPearson India Education Services Pvt. ltd.
_c2018.
300 _axvii,555p.
_bPB
_c25.4cm
650 _aEthical Decision Making
_9159404
650 _aInternational Business Ethics.
_9159405
650 _aPrivacy.
_9159406
700 _aSmith, Jeffery D.
_9159407
700 _aPatra, Bibhu Prasan.
_9159408
942 _2ddc
_cBK
_e8th
_k174.4 BOAJ
999 _c230693
_d230693